000
00225nam a2200097Ia 4500
001
799811
005
20250826171008.0
008
250824s9999 xx 000 0 und d
245
0
_a
YOLCULUK
_c
ZEYNEP SEVDE
260
_b
TAZE KİTAP
999
_c
799811
_d
799811